Mechanics of materials : SI Version : international adaptation / Timothy A. Philpot, Jeffery S. Thomas. (Record no. 21582)

000 -LEADER
fixed length control field 00651nam a22001937a 4500
020 ## - INTERNATIONAL STANDARD BOOK NUMBER
ISBN 9781119859970
082 ## - DEWEY DECIMAL CLASSIFICATION NUMBER
Classification number 620.1
Item number P571 2022
100 ## - MAIN ENTRY--AUTHOR NAME
Personal name Philpot, Timothy A., author.
245 ## - TITLE STATEMENT
Title Mechanics of materials : SI Version : international adaptation / Timothy A. Philpot, Jeffery S. Thomas.
250 ## - EDITION STATEMENT
Edition statement Fifth edition.
260 ## - PUBLICATION, DISTRIBUTION, ETC. (IMPRINT)
Place of publication Singapore :
Name of publisher Wiley,
Year of publication 2022.
300 ## - PHYSICAL DESCRIPTION
Number of Pages xvi, 885, 10 pages (index) :
Other physical details illustrations ; 26 cm.
500 ## - GENERAL NOTE
General note Includes index.
650 ## - SUBJECT ADDED ENTRY--TOPICAL TERM
Topical Term Mechanical properties of materials.
650 ## - SUBJECT ADDED ENTRY--TOPICAL TERM
Topical Term Strength of materials.
650 ## - SUBJECT ADDED ENTRY--TOPICAL TERM
Topical Term Stress analysis (Engineering).
700 ## - ADDED ENTRY--PERSONAL NAME
Personal name Thomas, Jefferey S.
942 ## - ADDED ENTRY ELEMENTS (KOHA)
Koha item type Books
Holdings
Source of acquisition Permanent Location Date acquired Koha item type Collection code Accession Number Lost status Shelving location Withdrawn status Current Location Full call number
SchoolCagayan State University - Carig Library2026-01-06BooksApplied Sciences011298 General Collection Cagayan State University - Carig Library620.1 P571 2022

Cagayan State University University Library, Carig Campus
Tuguegarao City, Cagayan 3500 | www.csucarig.edu.ph

Powered by Koha